[Event "4NCL/Div1/WGR vs. RIC"]
[Site "Sunningdale ENG"]
[Date "2007.09.16"]
[Round "2.7"]
[White "Hegarty, Sarah"]
[Black "Meyer, Gordon"]
[Result "1/2-1/2"]
[WhiteElo "1967"]
[BlackElo "2164"]
[PlyCount "127"]
[EventDate "2007.09.16"]
[EventType "team"]
[EventRounds "11"]
[EventCountry "ENG"]
[SourceDate "2007.09.15"]
[WhiteTeam "Wood Green"]
[BlackTeam "Richmond"]

1. e4 c5 2. Nc3 a6 3. g3 Nc6 4. Bg2 g6 5. d3 Bg7 6. Be3 Qa5 7. Qd2 e6 8. Nd1
Qxd2+ 9. Kxd2 d6 10. Ne2 Nge7 11. c3 Ne5 12. f4 Ng4 13. Bg1 h5 14. h3 Nh6 15.
Ne3 b5 16. a4 Bb7 17. axb5 axb5 18. Rxa8+ Bxa8 19. Bf2 Kd7 20. g4 hxg4 21. hxg4
f6 22. Ra1 Rb8 23. Ra7+ Ke8 24. e5 Bxg2 25. exd6 Bb7 26. dxe7 Kxe7 27. Nc2 Kd6
28. Ne3 Kc6 29. d4 Bf8 30. Ra1 Nf7 31. Rh1 Nd6 32. Ng3 cxd4 33. cxd4 Nc4+ 34.
Kc3 Bd6 35. b3 b4+ 36. Kd3 Na5 37. Rc1+ Kd7 38. Nc4 Ba6 39. Ra1 Bxc4+ 40. bxc4
b3 41. Ne2 b2 42. Rb1 Rb3+ 43. Nc3 Bxf4 44. Kc2 Rb4 45. Rxb2 Rxb2+ 46. Kxb2
Nxc4+ 47. Kc2 Ne3+ 48. Bxe3 Bxe3 49. Kd3 Bc1 50. d5 exd5 51. Nxd5 Ke6 52. Nb6
Kf7 53. Ke4 Kg7 54. Nd5 Bb2 55. Nb4 Kh6 56. Nd3 Ba3 57. Kf3 Kg5 58. Nf2 Kh4 59.
Ne4 Bb2 60. Nf2 Bd4 61. Nd3 g5 62. Nc1 Bb6 63. Ne2 Kh3 64. Ng3 1/2-1/2

[Event "4NCL/Div1/WGR vs. RIC"]
[Site "Sunningdale ENG"]
[Date "2007.09.16"]
[Round "2.8"]
[White "Chevannes, Sabrina"]
[Black "Cumming, Rhys"]
[Result "1/2-1/2"]
[WhiteElo "2073"]
[BlackElo "1818"]
[PlyCount "147"]
[EventDate "2007.09.16"]
[EventType "team"]
[EventRounds "11"]
[EventCountry "ENG"]
[SourceDate "2007.09.15"]
[WhiteTeam "Richmond"]
[BlackTeam "Wood Green"]

1. d4 d5 2. Bf4 Nf6 3. e3 e6 4. Nf3 Bd6 5. Bg3 Ne4 6. Nbd2 Nxg3 7. hxg3 Nd7 8.
Bd3 h6 9. e4 dxe4 10. Nxe4 Be7 11. Qe2 c5 12. dxc5 Nxc5 13. Nxc5 Bxc5 14. O-O-O
Qa5 15. Bb5+ Ke7 16. Kb1 a6 17. Bc4 Qb6 18. Nh4 Kf8 19. Rd3 Be7 20. Rhd1 Bf6
21. Rb3 Qc6 22. Nf3 b5 23. Bd3 Bb7 24. Ne5 Qc7 25. f4 Bxe5 26. fxe5 Bd5 27. Rc3
Qb7 28. Qf2 Bxg2 29. Bg6 Kg8 30. Bxf7+ Qxf7 31. Qxg2 Kh7 32. Rf1 Rad8 33. b3
Qh5 34. Qe4+ Qg6 35. Qe2 Rhf8 36. Re1 Qg5 37. Qe4+ Rf5 38. g4 Qh4 39. gxf5 Rd1+
40. Kb2 Qxe1 41. Qxe1 Rxe1 42. fxe6 Rxe5 43. Rc6 a5 44. a4 b4 45. Ra6 Kg6 46.
Ra7 h5 47. e7 Kf7 48. e8=Q+ Kxe8 49. Rxg7 Kf8 50. Rg2 h4 51. Rh2 Rh5 52. c3
bxc3+ 53. Kxc3 Ke7 54. Kc4 h3 55. Kc3 Rh4 56. Kd3 Kd6 57. Kd2 Kc5 58. Kd3 Kd5
59. Kc3 Ke4 60. b4 Kf3 61. bxa5 Kg3 62. Ra2 h2 63. Rxh2 Kxh2 64. Kb3 Kg3 65. a6
Rh6 66. Kb4 Rxa6 67. Kb5 Rh6 68. a5 Rh1 69. a6 Rb1+ 70. Kc6 Rc1+ 71. Kb7 Rb1+
72. Kc6 Ra1 73. Kb7 Rxa6 74. Kxa6 1/2-1/2

[Event "4NCL/Div1/AD vs. NWE1"]
[Site "Sunningdale ENG"]
[Date "2007.09.16"]
[Round "2.2"]
[White "Quillan, Gary"]
[Black "Davies, Nigel R"]
[Result "1/2-1/2"]
[WhiteElo "2359"]
[BlackElo "2495"]
[PlyCount "82"]
[EventDate "2007.09.16"]
[EventType "team"]
[EventRounds "11"]
[EventCountry "ENG"]
[SourceDate "2007.09.15"]
[WhiteTeam "North West Eagles 1"]
[BlackTeam "The Ads"]

1. e4 c5 2. Nf3 g6 3. d4 cxd4 4. Qxd4 Nf6 5. e5 Nc6 6. Qa4 Nd5 7. Qe4 Ndb4 8.
Bb5 Qa5 9. Nc3 d5 10. Qe2 Bg4 11. O-O O-O-O 12. Bxc6 Nxc6 13. Bf4 Bg7 14. a3
Bxf3 15. Qxf3 Bxe5 16. Bxe5 Nxe5 17. Qf4 f6 18. Rfd1 Rd7 19. b4 Qd8 20. b5 e6
21. a4 Qe7 22. a5 Kb8 23. a6 b6 24. Ne2 Rc8 25. Nd4 g5 26. Qg3 Rdc7 27. Re1 Rc3
28. Re3 Rxe3 29. Qxe3 Rc4 30. Rd1 Kc8 31. h3 Kd7 32. f4 gxf4 33. Qxf4 Qg7 34.
Kh1 Qg5 35. Qf2 Rc3 36. Qe2 Re3 37. Qf2 Re4 38. c3 Qf4 39. Qa2 Qg3 40. Qd2 Nc4
41. Qh6 Re1+ 1/2-1/2

[Event "4NCL/Div1/AD vs. NWE1"]
[Site "Sunningdale ENG"]
[Date "2007.09.16"]
[Round "2.3"]
[White "Cernousek, Lukas"]
[Black "Morrison, Graham"]
[Result "1-0"]
[WhiteElo "2405"]
[BlackElo "2322"]
[PlyCount "61"]
[EventDate "2007.09.16"]
[EventType "team"]
[EventRounds "11"]
[EventCountry "ENG"]
[SourceDate "2007.09.15"]
[WhiteTeam "The Ads"]
[BlackTeam "North West Eagles 1"]

1. e4 c5 2. Nf3 e6 3. d4 cxd4 4. Nxd4 Nf6 5. Nc3 d6 6. Be2 Be7 7. O-O O-O 8.
Be3 Nc6 9. f4 a6 10. a4 Qc7 11. Kh1 Re8 12. Bf3 Bf8 13. Nb3 b6 14. a5 bxa5 15.
e5 dxe5 16. fxe5 Rd8 17. Bd2 Nd5 18. Nxd5 exd5 19. Nxa5 Be6 20. Nxc6 Qxc6 21.
Be3 a5 22. Rf2 a4 23. Bd4 Bf5 24. c3 Be4 25. Bxe4 dxe4 26. Qg4 a3 27. bxa3 Rxa3
28. Raf1 Qc4 29. e6 Rxd4 30. cxd4 Qxd4 31. Rxf7 1-0

[Event "4NCL/Div1/AD vs. NWE1"]
[Site "Sunningdale ENG"]
[Date "2007.09.16"]
[Round "2.4"]
[White "Hague, Ben"]
[Black "Jirka, Jiri"]
[Result "0-1"]
[WhiteElo "2300"]
[BlackElo "2398"]
[PlyCount "78"]
[EventDate "2007.09.16"]
[EventType "team"]
[EventRounds "11"]
[EventCountry "ENG"]
[SourceDate "2007.09.15"]
[WhiteTeam "North West Eagles 1"]
[BlackTeam "The Ads"]

1. e4 e5 2. f4 Bc5 3. Nf3 d6 4. c3 Bb6 5. Na3 Nf6 6. d3 Ng4 7. d4 exd4 8. cxd4
d5 9. e5 Nh6 10. Nc2 O-O 11. Bd3 Bf5 12. Bxf5 Nxf5 13. Qd3 g6 14. g4 Nh4 15.
O-O Nxf3+ 16. Qxf3 Nc6 17. Be3 f5 18. exf6 Rxf6 19. Rad1 Qd7 20. Kh1 Raf8 21.
Qg2 Kh8 22. Rf3 Ne7 23. Rdf1 c6 24. Ne1 Qe6 25. Nd3 Bc7 26. Ne5 b6 27. Bd2 Bxe5
28. dxe5 R6f7 29. Be1 d4 30. Bd2 c5 31. b3 Qd5 32. Kg1 b5 33. Qg3 Rg8 34. Re1
c4 35. bxc4 bxc4 36. e6 Rf6 37. Bb4 Re8 38. f5 gxf5 39. Re5 f4 0-1

[Event "4NCL/Div1/AD vs. NWE1"]
[Site "Sunningdale ENG"]
[Date "2007.09.16"]
[Round "2.7"]
[White "Anderton, David"]
[Black "Hulmes, David I"]
[Result "1-0"]
[WhiteElo "2245"]
[BlackElo "2225"]
[PlyCount "81"]
[EventDate "2007.09.16"]
[EventType "team"]
[EventRounds "11"]
[EventCountry "ENG"]
[SourceDate "2007.09.15"]
[WhiteTeam "The Ads"]
[BlackTeam "North West Eagles 1"]

1. d4 d5 2. c4 e6 3. Nc3 Nf6 4. Bg5 Be7 5. e3 h6 6. Bh4 O-O 7. Nf3 b6 8. Bd3
Bb7 9. O-O Nbd7 10. Qe2 c5 11. Bg3 Ne4 12. Rad1 Qc8 13. cxd5 exd5 14. Rc1 Ndf6
15. Ne5 Qe6 16. f3 Nxg3 17. hxg3 Bd6 18. f4 Qe7 19. g4 Ne4 20. Nxe4 dxe4 21.
Bc4 Bxe5 22. dxe5 Rad8 23. Rcd1 Bc6 24. b3 Bb7 25. a4 Bc6 26. Qb2 Rfe8 27. Qc3
Rd7 28. Rxd7 Bxd7 29. Bd5 Bxg4 30. Bxe4 Rd8 31. f5 Qd7 32. Qe1 Re8 33. Qg3 h5
34. e6 fxe6 35. f6 gxf6 36. Rxf6 Re7 37. Qf4 Qe8 38. Bg6 Qd8 39. Bf7+ Rxf7 40.
Rxf7 Bf5 41. Rb7 1-0

[Event "4NCL/Div1/AD vs. NWE1"]
[Site "Sunningdale ENG"]
[Date "2007.09.16"]
[Round "2.8"]
[White "Grigoryan-Lyell, Meri"]
[Black "Bellin, Jana"]
[Result "1/2-1/2"]
[WhiteElo "2048"]
[BlackElo "2151"]
[PlyCount "62"]
[EventDate "2007.09.16"]
[EventType "team"]
[EventRounds "11"]
[EventCountry "ENG"]
[SourceDate "2007.09.15"]
[WhiteTeam "North West Eagles 1"]
[BlackTeam "The Ads"]

1. Nf3 Nf6 2. g3 b6 3. Bg2 Bb7 4. d4 e6 5. c4 Be7 6. Nc3 Ne4 7. d5 Nxc3 8. bxc3
O-O 9. O-O d6 10. Nd4 e5 11. Nf5 Nd7 12. Be4 Bf6 13. Qd2 Nc5 14. Bc2 Bc8 15.
Ba3 Bxf5 16. Bxf5 g6 17. Bxc5 bxc5 18. Bc2 Rb8 19. Ba4 Qc8 20. Rab1 Qf5 21. Rb3
Rb6 22. Qb2 Rfb8 23. Bb5 Qc8 24. Qa3 Kg7 25. Qa4 Qd8 26. e4 h5 27. Rfb1 h4 28.
Bc6 a6 29. Rxb6 Rxb6 30. Rxb6 cxb6 31. Qxa6 Qc7 1/2-1/2

[Event "4NCL/Div1/BAR2 vs. BET"]
[Site "Sunningdale ENG"]
[Date "2007.09.16"]
[Round "2.1"]
[White "Rogers, Jonathan W"]
[Black "Hunt, Adam C"]
[Result "0-1"]
[WhiteElo "2344"]
[BlackElo "2461"]
[PlyCount "90"]
[EventDate "2007.09.16"]
[EventType "team"]
[EventRounds "11"]
[EventCountry "ENG"]
[SourceDate "2007.09.15"]
[WhiteTeam "Barbican 4NCL 2"]
[BlackTeam "Betsson.com"]

1. d4 Nf6 2. c4 g6 3. Nc3 d5 4. cxd5 Nxd5 5. Bd2 Bg7 6. e4 Nb6 7. Be3 O-O 8.
Qd2 Nc6 9. e5 Bf5 10. Nf3 Nb4 11. Rc1 c5 12. a3 cxd4 13. Nxd4 Nc6 14. Nxc6
Qxd2+ 15. Bxd2 bxc6 16. f4 f6 17. exf6 Bxf6 18. Be2 Bd4 19. Bf3 Rf6 20. Ne2
Bxb2 21. Rxc6 Rxc6 22. Bxc6 Rc8 23. Bf3 Bxa3 24. Nd4 Bd3 25. Bg4 Rc5 26. Nb3
Rc6 27. Kf2 Nc4 28. Bf3 Rb6 29. Bd5+ e6 30. Bxc4 Bxc4 31. Nd4 Bc5 32. Be3 Rb2+
33. Kg3 Bd5 34. Rc1 Rxg2+ 35. Kh3 Bd6 36. Rc8+ Kf7 37. Rd8 Ke7 38. Rh8 h5 39.
Rh7+ Kf6 40. Nb5 Rg4 41. Bd4+ e5 42. fxe5+ Bxe5 43. Bxe5+ Kxe5 44. Re7+ Kf6 45.
Re2 Be6 0-1

[Event "4NCL/Div1/BAR2 vs. BET"]
[Site "Sunningdale ENG"]
[Date "2007.09.16"]
[Round "2.2"]
[White "Pert, Richard G"]
[Black "Sands, David"]
[Result "1-0"]
[WhiteElo "2455"]
[BlackElo "2260"]
[PlyCount "79"]
[EventDate "2007.09.16"]
[EventType "team"]
[EventRounds "11"]
[EventCountry "ENG"]
[SourceDate "2007.09.15"]
[WhiteTeam "Betsson.com"]
[BlackTeam "Barbican 4NCL 2"]

1. d4 d5 2. c4 dxc4 3. Nf3 a6 4. e3 e6 5. Bxc4 c5 6. O-O Nf6 7. Bb3 Nc6 8. Nc3
b5 9. Qe2 cxd4 10. Rd1 Na5 11. Nxd4 Qb6 12. e4 Bc5 13. Be3 Bb7 14. e5 Nd7 15.
Qh5 g6 16. Qg5 Nxb3 17. axb3 Qd8 18. Qg3 Be7 19. Bh6 Bf8 20. Bxf8 Kxf8 21. Qf4
Kg7 22. Ne4 Bxe4 23. Qxe4 Qc7 24. Nf3 Rhc8 25. h4 h5 26. Rd6 Ra7 27. Rad1 Nf8
28. Qf4 Qc2 29. Qf6+ Kg8 30. Rd8 Rxd8 31. Rxd8 Rd7 32. Re8 Qc6 33. Kh2 Qc5 34.
Ng5 a5 35. Qf4 Qb4 36. Ne4 Rd4 37. f3 Kg7 38. Qf6+ Kg8 39. Re7 Rd7 40. Qxf7+
1-0

[Event "4NCL/Div1/BAR2 vs. BET"]
[Site "Sunningdale ENG"]
[Date "2007.09.16"]
[Round "2.4"]
[White "Ledger, Andrew J"]
[Black "Coleman, David"]
[Result "1-0"]
[WhiteElo "2418"]
[BlackElo "2234"]
[PlyCount "83"]
[EventDate "2007.09.16"]
[EventType "team"]
[EventRounds "11"]
[EventCountry "ENG"]
[SourceDate "2007.09.15"]
[WhiteTeam "Betsson.com"]
[BlackTeam "Barbican 4NCL 2"]

1. d4 Nf6 2. Nf3 e6 3. c4 Nc6 4. a3 d6 5. Nc3 g6 6. b4 Bg7 7. b5 Ne7 8. Bb2 O-O
9. e3 b6 10. Bd3 Bb7 11. O-O Nd7 12. a4 e5 13. Be4 Bxe4 14. Nxe4 exd4 15. Bxd4
Ne5 16. Bxe5 dxe5 17. Qb3 Nf5 18. Rad1 Qe7 19. Nc3 Rae8 20. Nd5 Qc5 21. Qb4
Qxb4 22. Nxb4 e4 23. Nd2 Re6 24. Nb3 Rfe8 25. Rd7 R6e7 26. Rxe7 Rxe7 27. Rd1
Nd6 28. c5 bxc5 29. Nxc5 f5 30. Nc6 Rf7 31. Ne6 Bf8 32. Nxa7 Re7 33. Nf4 Re8
34. Rc1 Ra8 35. Rxc7 Ne8 36. Rb7 Bc5 37. Nc6 Rxa4 38. g3 Nd6 39. Rd7 Ra1+ 40.
Kg2 Rb1 41. Ne6 Nf7 42. Nxc5 1-0

[Event "4NCL/Div1/BAR2 vs. BET"]
[Site "Sunningdale ENG"]
[Date "2007.09.16"]
[Round "2.5"]
[White "Farrand, Julian T"]
[Black "Ansell, Simon"]
[Result "0-1"]
[WhiteElo "2169"]
[BlackElo "2405"]
[PlyCount "88"]
[EventDate "2007.09.16"]
[EventType "team"]
[EventRounds "11"]
[EventCountry "ENG"]
[SourceDate "2007.09.15"]
[WhiteTeam "Barbican 4NCL 2"]
[BlackTeam "Betsson.com"]

1. d4 d5 2. Nc3 Nf6 3. Bg5 Bf5 4. e3 e6 5. Bd3 Bxd3 6. Qxd3 Nbd7 7. e4 dxe4 8.
Nxe4 Be7 9. Nxf6+ gxf6 10. Be3 c6 11. Ne2 Qa5+ 12. c3 O-O-O 13. a4 Ne5 14. Qe4
Nc4 15. b3 Nxe3 16. Qxe3 Rhg8 17. b4 Qg5 18. Qxg5 Rxg5 19. g3 a5 20. f4 Rgd5
21. Rb1 axb4 22. cxb4 f5 23. Kf2 Bf6 24. Rhd1 Bxd4+ 25. Nxd4 Rxd4 26. Rxd4 Rxd4
27. Ke3 Re4+ 28. Kd3 Kc7 29. Rb2 Kb6 30. Kc3 h5 31. Rd2 Kc7 32. a5 h4 33. Rg2
h3 34. Rd2 Re1 35. Kd4 f6 36. Rb2 Rd1+ 37. Ke3 Rd5 38. Rb1 Rb5 39. Kd3 Kd6 40.
Kc4 Rd5 41. Kc3 e5 42. fxe5+ fxe5 43. Rf1 e4 44. Re1 Ke5 0-1

[Event "4NCL/Div1/BAR2 vs. BET"]
[Site "Sunningdale ENG"]
[Date "2007.09.16"]
[Round "2.6"]
[White "Eames, Robert G"]
[Black "Taylor, Peter"]
[Result "0-1"]
[WhiteElo "2290"]
[BlackElo "2209"]
[PlyCount "90"]
[EventDate "2007.09.16"]
[EventType "team"]
[EventRounds "11"]
[EventCountry "ENG"]
[SourceDate "2007.09.15"]
[WhiteTeam "Betsson.com"]
[BlackTeam "Barbican 4NCL 2"]

1. d4 c6 2. c4 d5 3. Nc3 dxc4 4. e4 b5 5. a4 b4 6. Nce2 Nf6 7. e5 Nd5 8. Ng3 c3
9. Nf3 cxb2 10. Bxb2 e6 11. Bc4 a5 12. O-O Be7 13. Ne4 O-O 14. Nfd2 Nd7 15. Qh5
Ba6 16. Bxa6 Rxa6 17. f4 c5 18. Nc4 f5 19. Ned6 N7b6 20. Nb7 Qd7 21. Ncd6 Bxd6
22. Nxd6 Nxa4 23. dxc5 Nxb2 24. Qe2 Qc6 25. Qxb2 Qxc5+ 26. Kh1 Nc3 27. Rf3 a4
28. h4 Rb6 29. h5 a3 30. Qb3 Nd5 31. h6 Nxf4 32. hxg7 Kxg7 33. Nc4 Nd5 34. Nxb6
Qxb6 35. Qa4 Qc7 36. Re1 f4 37. Qa6 Qe7 38. Rh3 Rf5 39. Qd3 Kh8 40. g4 Rg5 41.
Rh6 Ne3 42. Rxe3 fxe3 43. Qxe3 Qb7+ 44. Kh2 Rxg4 45. Qf2 Qg2+ 0-1

[Event "4NCL/Div1/BAR2 vs. BET"]
[Site "Sunningdale ENG"]
[Date "2007.09.16"]
[Round "2.7"]
[White "Brett, Andrew"]
[Black "Ledger, David J"]
[Result "0-1"]
[WhiteElo "2075"]
[BlackElo "2285"]
[PlyCount "90"]
[EventDate "2007.09.16"]
[EventType "team"]
[EventRounds "11"]
[EventCountry "ENG"]
[SourceDate "2007.09.15"]
[WhiteTeam "Barbican 4NCL 2"]
[BlackTeam "Betsson.com"]

1. e4 e5 2. Nf3 Nc6 3. Bb5 a6 4. Ba4 Nf6 5. O-O Be7 6. Re1 b5 7. Bb3 d6 8. c3
O-O 9. h3 Na5 10. Bc2 c5 11. d4 Qc7 12. Nbd2 Nc6 13. d5 Na5 14. b3 Bd7 15. Nf1
Nb7 16. Rb1 c4 17. b4 a5 18. a3 axb4 19. axb4 Ra6 20. Ng3 g6 21. Nh2 Rfa8 22.
Rf1 Ne8 23. f4 exf4 24. Bxf4 Ra2 25. Rc1 R8a3 26. Qf3 Nd8 27. Bb1 Rb2 28. Rf2
Rxf2 29. Qxf2 Bf6 30. Ne2 Be5 31. Nf3 f6 32. Be3 Nf7 33. Ned4 Qc8 34. Qd2 Nc7
35. Qf2 Qa6 36. Ne2 Kg7 37. Bb6 Ne8 38. Rf1 Kg8 39. Nxe5 dxe5 40. Bc5 Rb3 41.
Be7 Rb2 42. Qe1 Qa1 43. Ng3 Ng5 44. Qc1 Bxh3 45. gxh3 Nf3+ 0-1

[Event "4NCL/Div1/BAR2 vs. BET"]
[Site "Sunningdale ENG"]
[Date "2007.09.16"]
[Round "2.8"]
[White "Ledger, Stephen C"]
[Black "Bhatia, Kanwal K"]
[Result "0-1"]
[WhiteElo "2188"]
[BlackElo "2047"]
[PlyCount "110"]
[EventDate "2007.09.16"]
[EventType "team"]
[EventRounds "11"]
[EventCountry "ENG"]
[SourceDate "2007.09.15"]
[WhiteTeam "Betsson.com"]
[BlackTeam "Barbican 4NCL 2"]

1. d4 Nf6 2. c4 c5 3. d5 b5 4. cxb5 a6 5. b6 e6 6. Nc3 Bb7 7. e4 exd5 8. exd5
d6 9. a4 a5 10. Bc4 Nbd7 11. Nf3 Be7 12. O-O O-O 13. Re1 Nxb6 14. b3 Ne8 15.
Bb2 Nc7 16. Qd2 Rb8 17. Rad1 Bf6 18. h3 Nxc4 19. bxc4 Na8 20. Nb5 Bxb2 21. Qxb2
Nb6 22. Qc2 Ba6 23. Rb1 Nc8 24. Nd2 Bxb5 25. Rxb5 Rxb5 26. axb5 Re8 27. Ra1 Nb6
28. Ne4 a4 29. Qd3 f5 30. Ng3 Qf6 31. Rc1 g6 32. Nf1 Qb2 33. Qc2 Re2 34. Qxb2
Rxb2 35. Ra1 Rc2 36. Ne3 Rc3 37. g3 a3 38. Kg2 Kf7 39. Ra2 Kf6 40. Ra1 Ke5 41.
Re1 Kd4 42. Rd1+ Rd3 43. Rc1 Rb3 44. Rd1+ Kc3 45. Rc1+ Kb2 46. Rc2+ Kb1 47. Re2
Rb2 48. Re1+ Ka2 49. Nd1 Rd2 50. Nc3+ Kb3 51. Nb1 Rd3 52. Nxa3 Kxa3 53. Ra1+
Kb2 54. Ra6 Nxc4 55. b6 Rb3 0-1

[Event "4NCL/Div1/GUI1 vs. NWE1"]
[Site "Birmingham ENG"]
[Date "2007.11.11"]
[Round "4.2"]
[White "Morrison, Graham"]
[Black "Pert, Nicholas"]
[Result "1/2-1/2"]
[WhiteElo "2322"]
[BlackElo "2539"]
[PlyCount "32"]
[EventDate "2007.11.11"]
[EventType "team"]
[EventRounds "11"]
[EventCountry "ENG"]
[SourceDate "2007.09.15"]

1. d4 d5 2. c4 c6 3. Nf3 Nf6 4. e3 Bg4 5. cxd5 Bxf3 6. Qxf3 cxd5 7. Nc3 Nc6 8.
Bd3 e6 9. O-O Bd6 10. Rd1 O-O 11. Bd2 Qe7 12. Rac1 Rad8 13. Qh3 h6 14. f4 Nd7
15. g4 Nb6 16. a3 f6 1/2-1/2

[Event "4NCL/Div1/GUI1 vs. NWE1"]
[Site "Birmingham ENG"]
[Date "2007.11.11"]
[Round "4.3"]
[White "Hebden, Mark L"]
[Black "Macak, Stefan"]
[Result "1-0"]
[WhiteElo "2542"]
[BlackElo "2384"]
[PlyCount "57"]
[EventDate "2007.11.11"]
[EventType "team"]
[EventRounds "11"]
[EventCountry "ENG"]
[SourceDate "2007.09.15"]

1. d4 Nf6 2. Nf3 e6 3. e3 c5 4. c4 cxd4 5. exd4 d5 6. Nc3 Be7 7. cxd5 Nxd5 8.
Bd3 Nc6 9. O-O O-O 10. Re1 Nxc3 11. bxc3 Bf6 12. h4 Bxh4 13. Nxh4 Qxh4 14. Re4
Qe7 15. Qh5 g6 16. Qh6 f5 17. Rh4 Re8 18. Rh3 Bd7 19. Bg5 Qf7 20. Re1 Rac8 21.
Ree3 Ne7 22. Rh4 f4 23. Bxf4 Rxc3 24. Bxg6 Rc1+ 25. Kh2 Nxg6 26. Rg3 Rc6 27.
Be5 Re7 28. Rf4 Qe8 29. Rxg6+ 1-0

[Event "4NCL/Div1/GUI1 vs. NWE1"]
[Site "Birmingham ENG"]
[Date "2007.11.11"]
[Round "4.4"]
[White "Quillan, Gary"]
[Black "Cherniaev, Alexander"]
[Result "0-1"]
[WhiteElo "2359"]
[BlackElo "2484"]
[PlyCount "90"]
[EventDate "2007.11.11"]
[EventType "team"]
[EventRounds "11"]
[EventCountry "ENG"]
[SourceDate "2007.09.15"]

1. e4 c5 2. Nf3 Nc6 3. Bb5 e6 4. O-O Nge7 5. Re1 Nd4 6. Bf1 Nec6 7. c3 Nxf3+ 8.
Qxf3 g6 9. Na3 Bg7 10. Nc4 d6 11. Qg3 e5 12. Qd3 Ke7 13. Ne3 Re8 14. b4 cxb4
15. cxb4 Nxb4 16. Qb3 Nc6 17. Ba3 Kf8 18. Bc4 Na5 19. Qb4 Nxc4 20. Nxc4 Kg8 21.
Nxd6 Bf8 22. Qb5 Re6 23. Nc4 Bxa3 24. Nxa3 b6 25. Nc4 Bd7 26. Qb2 Qf6 27. Rad1
Ba4 28. Rc1 Rd8 29. Qa3 Bb5 30. Ne3 Rxd2 31. Ng4 Qg5 32. Rc8+ Re8 33. Rxe8+
Bxe8 34. Qc3 Rxa2 35. Qc8 Qe7 36. Rd1 Kg7 37. Qb8 Ba4 38. Rc1 Qc5 39. Qxe5+
Qxe5 40. Nxe5 Rd2 41. h3 Rd1+ 42. Rxd1 Bxd1 43. Kf1 Kf6 44. Nc6 a5 45. Ke1 Ba4
0-1

[Event "4NCL/Div1/GUI1 vs. NWE1"]
[Site "Birmingham ENG"]
[Date "2007.11.11"]
[Round "4.5"]
[White "Howell, David W L"]
[Black "Kennaugh, Charles W"]
[Result "1-0"]
[WhiteElo "2527"]
[BlackElo "2294"]
[PlyCount "77"]
[EventDate "2007.11.11"]
[EventType "team"]
[EventRounds "11"]
[EventCountry "ENG"]
[SourceDate "2007.09.15"]

1. e4 e5 2. Nf3 Nc6 3. Bb5 f5 4. d3 Nf6 5. exf5 Be7 6. h3 O-O 7. g4 Nd4 8. Ba4
Nxf3+ 9. Qxf3 d5 10. Bb3 c6 11. c4 g6 12. g5 e4 13. Qg2 Nh5 14. dxe4 dxe4 15.
f6 Bb4+ 16. Bd2 Nf4 17. Qg3 Nd3+ 18. Ke2 Bc5 19. Be3 Qb6 20. Nc3 Bf5 21. Na4
Qa5 22. Nxc5 Nxc5 23. Qd6 Ne6 24. Rad1 c5 25. Rd5 Rad8 26. Qe5 b6 27. Rhd1 Rde8
28. Qg3 Qa6 29. Rd7 Qc8 30. Ke1 a5 31. Ba4 Nd4 32. Rg7+ Kh8 33. Bxe8 Nf3+ 34.
Ke2 Qe6 35. Rxh7+ Kxh7 36. Qc7+ Rf7 37. Bxf7 Nd4+ 38. Rxd4 Bg4+ 39. Kd2 1-0

[Event "4NCL/Div1/GUI1 vs. NWE1"]
[Site "Birmingham ENG"]
[Date "2007.11.11"]
[Round "4.7"]
[White "King, Daniel J"]
[Black "Carleton, John J"]
[Result "1-0"]
[WhiteElo "2517"]
[BlackElo "2322"]
[PlyCount "75"]
[EventDate "2007.11.11"]
[EventType "team"]
[EventRounds "11"]
[EventCountry "ENG"]
[SourceDate "2007.09.15"]

1. e4 Nf6 2. e5 Nd5 3. d4 d6 4. Nf3 Bg4 5. Be2 e6 6. h3 Bh5 7. O-O Nc6 8. c4
Nb6 9. exd6 cxd6 10. Nc3 d5 11. c5 Bxf3 12. Bxf3 Nc8 13. b4 Be7 14. a3 Bf6 15.
Be3 O-O 16. Rc1 N8e7 17. g4 g6 18. Bg2 Bg7 19. Ne2 Qd7 20. Qd3 f5 21. f4 b6 22.
Rfd1 Rfc8 23. Bd2 Nd8 24. b5 fxg4 25. c6 Qe8 26. hxg4 Nf7 27. Qe3 a6 28. Qxe6
axb5 29. c7 Ra7 30. f5 Raxc7 31. f6 Rxc1 32. Rxc1 Rxc1+ 33. Bxc1 Bxf6 34. Qxf6
Qd7 35. Bf4 Nc6 36. Bf3 Ncd8 37. Nc3 Ne6 38. Bxd5 1-0

[Event "4NCL/Div1/GUI1 vs. NWE1"]
[Site "Birmingham ENG"]
[Date "2007.11.11"]
[Round "4.8"]
[White "Grigoryan-Lyell, Meri"]
[Black "Lalic, Susan"]
[Result "0-1"]
[WhiteElo "2040"]
[BlackElo "2338"]
[PlyCount "70"]
[EventDate "2007.11.11"]
[EventType "team"]
[EventRounds "11"]
[EventCountry "ENG"]
[SourceDate "2007.09.15"]

1. d4 e6 2. c4 Bb4+ 3. Bd2 Qe7 4. Nf3 Nf6 5. Qc2 Bxd2+ 6. Nbxd2 d6 7. e4 e5 8.
d5 Nbd7 9. g3 a5 10. Qa4 O-O 11. h4 Nc5 12. Qc2 Bd7 13. Bh3 c6 14. Kf1 cxd5 15.
exd5 b5 16. Bxd7 Qxd7 17. b3 bxc4 18. bxc4 Rfe8 19. Re1 Rab8 20. Kg2 e4 21. Ng5
Qg4 22. Re3 h6 23. Nh3 Qd7 24. Ra3 a4 25. Nb1 Ng4 26. Re1 Ne5 27. Rxe4 Nxe4 28.
Qxe4 Nxc4 29. Qxc4 Rxb1 30. Rxa4 Rc8 31. Qg4 Qxg4 32. Rxg4 Rb2 33. Nf4 Rc4 34.
Kf3 Rxa2 35. Nh5 Ra3+ 0-1

[Event "4NCL/Div1/HKF1 vs. BAR1"]
[Site "Birmingham ENG"]
[Date "2007.11.11"]
[Round "4.1"]
[White "Gordon, Stephen J"]
[Black "Parker, Jonathan"]
[Result "1/2-1/2"]
[WhiteElo "2498"]
[BlackElo "2527"]
[PlyCount "116"]
[EventDate "2007.11.11"]
[EventType "team"]
[EventRounds "11"]
[EventCountry "ENG"]
[SourceDate "2007.09.15"]

1. d4 e6 2. c4 Bb4+ 3. Bd2 a5 4. Nf3 d6 5. Nc3 Nf6 6. Bg5 h6 7. Bh4 Bxc3+ 8.
bxc3 Qe7 9. Nd2 e5 10. e3 Nbd7 11. Bd3 g5 12. Bg3 e4 13. Bc2 b6 14. Ba4 Ba6 15.
Bc6 O-O-O 16. Rb1 Nb8 17. Bb5 Bb7 18. Qe2 Nfd7 19. c5 dxc5 20. Nc4 f5 21. O-O
Rhf8 22. Be5 Qe6 23. Rb2 f4 24. Rfb1 f3 25. Qf1 fxg2 26. Qe2 Nxe5 27. Nxe5 Rf5
28. Nc4 cxd4 29. cxd4 Rdd5 30. Ne5 Rdxe5 31. dxe5 Rxe5 32. Rd2 Nc6 33. Rbd1 Kb8
34. Qc4 Qxc4 35. Bxc4 b5 36. Be2 Nb4 37. Kxg2 Nd5 38. a3 c6 39. Rc2 Ka7 40. Bh5
Kb6 41. Bf7 b4 42. Bxd5 Rxd5 43. Rxd5 cxd5 44. axb4 axb4 45. Kf1 b3 46. Rb2
Ba6+ 47. Ke1 Bc4 48. Kd2 Kc5 49. Kc3 Kd6 50. Rb1 Ke5 51. Rg1 Kf5 52. Rg3 h5 53.
Rg2 g4 54. Rg3 Kg5 55. Rg2 Kh4 56. Rg3 Kg5 57. Rg2 Kh4 58. Rg3 Kg5 1/2-1/2

[Event "4NCL/Div1/HKF1 vs. BAR1"]
[Site "Birmingham ENG"]
[Date "2007.11.11"]
[Round "4.2"]
[White "Cox, John J"]
[Black "Houska, Jovanka"]
[Result "0-1"]
[WhiteElo "2386"]
[BlackElo "2404"]
[PlyCount "80"]
[EventDate "2007.11.11"]
[EventType "team"]
[EventRounds "11"]
[EventCountry "ENG"]
[SourceDate "2007.09.15"]

1. d4 Nf6 2. c4 c5 3. d5 b5 4. cxb5 a6 5. bxa6 g6 6. Nc3 Bxa6 7. g3 d6 8. Bg2
Bg7 9. Nf3 Nbd7 10. Rb1 O-O 11. O-O Qa5 12. Bd2 Rfb8 13. Qc2 Qc7 14. b3 Nb6 15.
Nh4 Bb7 16. e4 Ba6 17. Rfd1 Nbd7 18. Nf3 Ng4 19. a4 Nde5 20. Nxe5 Nxe5 21. Be1
Ra7 22. Na2 Rab7 23. Bc3 Bd3 24. Rxd3 Nxd3 25. Bxg7 c4 26. b4 Kxg7 27. Bf1 Ne5
28. b5 Qa5 29. Be2 Ra8 30. f4 Qxa4 31. Qxa4 Rxa4 32. fxe5 Rxa2 33. Bxc4 Ra4 34.
Bd3 Rd4 35. Bf1 dxe5 36. Bh3 Rb6 37. Bd7 Rxe4 38. Bc6 Rd4 39. Kf2 Kf6 40. Ke3
e6 0-1